000 00595nam a2200205Ia 4500
005 20230609121501.0
008 131103s9999 xx 000 0 und d
020 _c2.85 pds
040 _aLoreto College
041 _aEnglish
082 _a808.2
_bENC
245 4 _aThe comic
_b in theory and practice
_cedited by John J. En, Elizabeth T. Forter [and] Alvin Whitley
260 _aNew York
_bAppleton- Century- Crofts
_c1960
300 _ax,340 p.
650 _aLiterature -
651 _aRhetoric - Drama - Comedy -
700 _aEnck, John J.,ed.
850 _aLCLIB
942 _cBK
999 _c1126
_d51605